<?xml version="1.0" encoding="UTF-8"?>
<record
    xmlns:xsi="http://www.w3.org/2001/XMLSchema-instance"
    xsi:schemaLocation="http://www.loc.gov/MARC21/slim http://www.loc.gov/standards/marcxml/schema/MARC21slim.xsd"
    xmlns="http://www.loc.gov/MARC21/slim">

  <leader>00745nam a22001937a 4500</leader>
  <datafield tag="999" ind1=" " ind2=" ">
    <subfield code="c">61758</subfield>
    <subfield code="d">61758</subfield>
  </datafield>
  <controlfield tag="005">20240429154050.0</controlfield>
  <controlfield tag="008">240429s1991    enk||||| |||| 00| 0 eng d</controlfield>
  <datafield tag="020" ind1=" " ind2=" ">
    <subfield code="a">0826158900x</subfield>
  </datafield>
  <datafield tag="041" ind1=" " ind2=" ">
    <subfield code="a">eng</subfield>
  </datafield>
  <datafield tag="080" ind1=" " ind2=" ">
    <subfield code="a">616.831+159.942 N-48</subfield>
  </datafield>
  <datafield tag="245" ind1=" " ind2=" ">
    <subfield code="a">Neuropsychology of Perinatal Complications /</subfield>
    <subfield code="c">Editors  Jeffery W. Gray, Raymond S. Dean.</subfield>
  </datafield>
  <datafield tag="264" ind1=" " ind2=" ">
    <subfield code="a">New York :</subfield>
    <subfield code="b">Springer,</subfield>
    <subfield code="c">1991.</subfield>
  </datafield>
  <datafield tag="300" ind1=" " ind2=" ">
    <subfield code="a">240 p.;</subfield>
    <subfield code="b">24 cm.</subfield>
  </datafield>
  <datafield tag="653" ind1=" " ind2=" ">
    <subfield code="a">&#x10DE;&#x10D4;&#x10E0;&#x10D8;&#x10DC;&#x10D0;&#x10E2;&#x10D0;&#x10DA;&#x10E3;&#x10E0;&#x10D8; &#x10D2;&#x10D0;&#x10E0;&#x10D7;&#x10E3;&#x10DA;&#x10D4;&#x10D1;&#x10D4;&#x10D1;&#x10D8;&#x10E1; &#x10DC;&#x10D4;&#x10D8;&#x10E0;&#x10DD;&#x10E4;&#x10E1;&#x10D8;&#x10E5;&#x10DD;&#x10DA;&#x10DD;&#x10D2;&#x10D8;&#x10D0;</subfield>
  </datafield>
  <datafield tag="653" ind1=" " ind2=" ">
    <subfield code="a">&#x10DB;&#x10D4;&#x10D3;&#x10D8;&#x10EA;&#x10D8;&#x10DC;&#x10D0;</subfield>
  </datafield>
  <datafield tag="700" ind1=" " ind2=" ">
    <subfield code="a">Gray, Jeffery W. </subfield>
    <subfield code="e">&#x10E0;&#x10D4;&#x10D3;&#x10D0;&#x10E5;&#x10E2;&#x10DD;&#x10E0;&#x10D8;</subfield>
    <subfield code="9">21979</subfield>
  </datafield>
  <datafield tag="700" ind1=" " ind2=" ">
    <subfield code="a">Dean, Raymond S. </subfield>
    <subfield code="e">&#x10E0;&#x10D4;&#x10D3;&#x10D0;&#x10E5;&#x10E2;&#x10DD;&#x10E0;&#x10D8;</subfield>
    <subfield code="9">21980</subfield>
  </datafield>
  <datafield tag="942" ind1=" " ind2=" ">
    <subfield code="2">udc</subfield>
    <subfield code="c">BK</subfield>
  </datafield>
  <datafield tag="952" ind1=" " ind2=" ">
    <subfield code="0">0</subfield>
    <subfield code="1">0</subfield>
    <subfield code="2">udc</subfield>
    <subfield code="4">0</subfield>
    <subfield code="6">616831159942_N48</subfield>
    <subfield code="7">0</subfield>
    <subfield code="9">98793</subfield>
    <subfield code="a">CPL</subfield>
    <subfield code="b">CPL</subfield>
    <subfield code="c">GEN</subfield>
    <subfield code="d">2024-04-29</subfield>
    <subfield code="g">20.00</subfield>
    <subfield code="o">616.831+159.942 N-48</subfield>
    <subfield code="p">67923</subfield>
    <subfield code="r">2024-04-29</subfield>
    <subfield code="t">67923</subfield>
    <subfield code="w">2024-04-29</subfield>
    <subfield code="y">BK</subfield>
    <subfield code="z">20 &#x10DA;.</subfield>
  </datafield>
</record>
